Tennis - Joueuses ayant battu Aryna Sabalenka au moins 2 fois - Statistiques

Statistiques générales
  • Ce quiz a été pris 35 fois
  • Le résultat moyen est 15 sur 34
Statistiques - réponses
Nationalité Joueuses Nombre de victoires Année de la dernière victoire % Correct
Pologne Iga Swiatek 8 2024
100%
Etats-Unis Coco Gauff 6 2025
92%
Etats-Unis Madison Keys 2 2025
81%
France Caroline Garcia 3 2022
73%
Kazakhstan Elena Rybakina 7 2026
73%
Italie Jasmine Paolini 2 2022
73%
Etats-Unis Jessica Pegula 3 2025
73%
Belgique Elise Mertens 2 2018
65%
Grèce Maria Sakkari 3 2022
62%
Russie Mirra Andreeva 2 2025
62%
Espagne Paula Badosa 2 2021
62%
Tunisie Ons Jabeur 2 2023
58%
Chine Zheng Saisai 2 2019
58%
Australie Ashleigh Barty 4 2021
50%
République Tchèque Karolina Muchova 3 2024
46%
Roumanie Simona Halep 3 2020
46%
Etats-Unis Amanda Anisimova 6 2025
42%
Russie Ekaterina Alexandrova 4 2025
42%
Australie Daria Kasatkina 2 2022
35%
Espagne Garbiñe Muguruza 2 2021
35%
République Tchèque Karolina Pliskova 2 2021
35%
Croatie Donna Vekic 6 2024
31%
Pays-Bas Kiki Bertens 5 2020
27%
République Tchèque Marketa Vondrousova 4 2025
23%
République Tchèque Petra Kvitova 3 2022
23%
Russie Veronika Kudermetova 2 2023
19%
Russie Anastasia Pavlyuchenkova 2 2021
15%
Ukraine Dayana Yastremska 3 2020
15%
Italie Camila Giorgi 2 2022
12%
Taïwan Hsieh Su-wei 2 2019
12%
Russie Liudmila Samsonova 2 2023
12%
Estonie Kaia Kanepi 2 2022
8%
Russie Anna Kalinskaya 2 2024
4%
Suisse Timea Bacsinszky 2 2018
4%
Aucun quiz correspondant
Distribution des résultats
% des personnes avec chaque résultat
Percentile par nombre de réponses
Votre historique - résultats
Vous n’avez pas pris ce quiz